000 00481nam a2200229Ia 4500
003 IT-RoPAU
008 120407s9999 xx 000 0 und d
040 _aIT-RoPAU
040 _cIT-RoPAU
041 _aita
100 _aNicolò Mirenna
245 _aEmergenza droga.
250 _aCinisello Balsamo
260 _aEdizioni Paoline
260 _c1991
300 _a340 p.
300 _c20 cm
490 _aPunti caldi
490 _v19
942 _cBK
999 _c32993
_d32993